| 000 | 00810nam a22002417a 4500 | ||
|---|---|---|---|
| 999 |
_c3242 _d3242 |
||
| 001 | 3242 | ||
| 003 | BD-JhCC | ||
| 005 | 20180424095334.0 | ||
| 008 | 171111s1985 bg |||| |||| 000 0 ben d | ||
| 035 | _a(BD-JhCC)3242 | ||
| 040 |
_aBD-JhCC _dBD-JhCC |
||
| 041 | _aben | ||
| 082 |
_a111.85 _bISL 1985 |
||
| 100 | _aইসলাম, সৈয়দ মনজুরুল | ||
| 245 |
_aনন্দনতত্ত্ব / _cসৈয়দ মনজুরুল ইসলাম |
||
| 260 |
_aঢাকা : _bবাংলা একাডেমী, _c১৯৮৫. |
||
| 300 |
_a১০৩ পৃ. : _c১৮ সেমি. |
||
| 490 | _aSeries in honour of the Martyrs of the language movement of February 1952. | ||
| 504 | _aIncludes Reference | ||
| 650 | _aAesthetics | ||
| 942 |
_2ddc _cBK |
||